00689cam a22002291 4500001001300000003000400013005001700017008004100034010001700075035001800092040001800110042001200128050001800140100002300158245002700181260010900208300002300317500001700340500005300357650003200410999001700442sa 68017051 DLC20260227112659.0720418s1959 xx 000 0 ind  asa 68017051  a(OCoLC)287382 aDLCcOAUdDLC apremarc00aPK585.I5bS641 aSoewondo, Hartini.10aTatabahasa Sansekerta. aBandung,bDepartemen Pendidikan, Badan Kerdjasama Senat Mahasiswa F. K. I. P. Seluruh Indonesiac[1959?] a78, [8] p.c33 cm. aCover title. aIndonesian and Sanskrit (partly in Latin script) 0aSanskrit languagexGrammar. c87490d87490